| 000 | 00953nam a2200217 a 4500 | ||
|---|---|---|---|
| 008 | 080109s1980 ||||||||||||||||| || u | ||
| 020 | _a0256022372 | ||
| 050 | _aHD 38 Gib | ||
| 100 | _aGibson, Chyrus F | ||
| 245 | 1 | 0 | _aManaging organizational behavior |
| 246 | _aachieving results through understanding and action | ||
| 260 |
_aHomewood, Ill. : _bRichard D. Irwin _c1980 |
||
| 300 | _axvi, 668p. : ill. | ||
| 350 | _a0.00 | ||
| 490 | _aIrwin series in management and the behavioral sciences | ||
| 500 | _aIncludes index. -Bibliography: p. 656-662. | ||
| 650 | 0 | _aMANAGEMENT | |
| 650 | _aOrganizational behavior--Management | ||
| 995 |
_aMAIN LIBRARY OPEN ACCESS _D0.00 _e713048 _FCBU-MAIN LIBRARY (Kitwe) _H2 _I27.95 _jHD 38 Gib _M2 _UAVAILABLE _y003405 _ZMain Library Open Access Collection |
||
| 995 |
_aMAIN LIBRARY OPEN ACCESS _D0.00 _e713049 _FCBU-MAIN LIBRARY (Kitwe) _H1 _I27.95 _jHD 38 Gib _M1 _UAVAILABLE _y000458 _ZMain Library Open Access Collection |
||
| 999 |
_c82560 _d82560 |
||